Bilecik Bilecik Bilecik Bilecik Bilecik

Kanûn-nâme-i sultânı li 'Aziz Efendi = (Record no. 66379)

MARC details
000 -BAŞLIK
Sabit Uzunluktaki Kontrol Alanı 02255nam a22004217a 4500
001 - KONTROL NUMARASI
Control Dosyası 0065996
003 - KONTROL NUMARASI KİMLİĞİ
Kontrol Alanı KOHA_MİRAKIL
005 - EN SON İŞLEM TARİHİ ve ZAMANI
Kontrol Alanı 20260207004624.0
007 - FİZİKSEL TANIM SABİT ALAN - GENEL BİLGİ
Sabit uzunluklu kontrol alanı ta
008 - SABİT UZUNLUKTAKİ VERİ ÖGELERİ - GENEL BİLGİ
Sabit Alan 210304b1985 tu a|||gr||||#0|||0|eng |
040 ## - KATALOGLAMA KAYNAĞI
Özgün Kataloglama Kurumu TR-BiSEU
Kataloglama Dili tur
Çeviri Kurumu TR-BiSEU
Açıklama Kuralları rda
041 0# - DİL KODU
Metin ya da ses kaydının dil kodu eng
-- ota
044 ## - YAYINLAYAN/ÜRETEN KURULUŞUN ÜLKE KODU
ISO country code tu
050 ## - SINIFLAMA ve YER NUMARASI
Sınıflama Numarası DR523
Yer Numarası .A94 1985
100 0# - KİŞİ ADI
Yazar Adı (Kişi adı) Aziz Efendi.
240 10 - TEK BİÇİM BAŞLIK
Tekbiçim Başlık <a href="Kanunname-yi sultanı li Aziz Efendi : on yedinci yüzyılda bir Osmanlı devletadamının ıslahat teklifleri">Kanunname-yi sultanı li Aziz Efendi : on yedinci yüzyılda bir Osmanlı devletadamının ıslahat teklifleri</a>
Language of a work İngilizce
245 1# - ESER ADI BİLDİRİMİ
Başlık Kanûn-nâme-i sultânı li 'Aziz Efendi =
Alt Eseradı vb. Aziz Efendi's Book of sultanic laws and regulations :
-- an agenda for reform by a seventeenth-century Ottoman statesman =
-- Kanunname-yi sultanı li Aziz Efendi :
-- on yedinci yüzyılda bir Osmanlı devletadamının ıslahat teklifleri/
Sorumluluk Bildirimi Aziz Efendi ; Edited and translated from the unique manuscript in the Oriental Manuscripts Department of the Preussischer Kulturbesitz in West Berlin by Rhoads Murphey ; edited by Şinasi Tekin, Gönül AlpayTekin.
264 #1 - ÜRERİM, YAYIN, DAĞITIM ve TELİF BİLDİRİMİ
Yayın yeri [Cambridge, Mass.] :
Yayınlayan Printed at Harvard University Office of the University Publisher
Yayın tarihi 1985
300 ## - FİZİKSEL TANIMLAMA
Sayfa, Cilt vb. ix, 82 pages :
Diğer fiziki detaylar illustrations ;
Boyutları 28 cm
336 ## - İÇERİK TÜRÜ
Content type term metin
Content type code txt
Source rdacontent
337 ## - MEDYA TÜRÜ
Media type term aracısız
Media type code n
Source rdamedia
338 ## - TAŞIYICI TÜRÜ
Carrier type term cilt
Carrier type code nc
Source rdacarrier
490 1# - DİZİ BİLDİRİMİ
Dizi Bildirimi Doğu dilleri ve edebiyatlarının kaynakları ;
Cilt Numarası 9.
490 1# - DİZİ BİLDİRİMİ
Dizi Bildirimi Türkçe kaynaklar ;
Cilt Numarası 8 =
Dizi Bildirimi Sources of Oriental languages and literatures ;
Cilt Numarası 9.
490 1# - DİZİ BİLDİRİMİ
Dizi Bildirimi Turkish sources ;
Cilt Numarası 8
500 ## - GENEL NOT
Genel Not Introduction and notes in English; text in English, romanized Ottoman, and facsimile.
500 ## - GENEL NOT
Genel Not Added t.p. in Turkish.
500 ## - GENEL NOT
Genel Not Ill. on inside front and back covers.
500 ## - GENEL NOT
Genel Not Includes bibliographical references (pages iv-v).
500 ## - GENEL NOT
Genel Not Introduction and notes in English; text in English, romanized Ottoman, and facsimile.
650 #0 - KONU BAŞLIĞI EK GİRİŞ - KONU TERİMİ
Konusal terim veya coğrafi ad Turkey--Politics and government.
9 (RLIN) 7156
650 #0 - KONU BAŞLIĞI EK GİRİŞ - KONU TERİMİ
Konusal terim veya coğrafi ad Turkey--History --Wars with Persia, 1576-1639.
9 (RLIN) 124310
830 1# - SERİ EK GİRİŞİ - TEKBİÇİM ESER ADI
Tekbiçim Başlık Doğu dilleri ve edebiyatlarının kaynakları ;
Volume number/sequential designation 9.
9 (RLIN) 85097
830 1# - SERİ EK GİRİŞİ - TEKBİÇİM ESER ADI
Tekbiçim Başlık Türkçe kaynaklar ;
Volume number/sequential designation 8 =
Tekbiçim Başlık Sources of Oriental languages and literatures ;
Volume number/sequential designation 9.
9 (RLIN) 124189
830 1# - SERİ EK GİRİŞİ - TEKBİÇİM ESER ADI
Tekbiçim Başlık Turkish sources ;
Volume number/sequential designation 8
9 (RLIN) 124190
907 ## - LOCAL DATA ELEMENT G, LDG (RLIN)
a Tarih
942 ## - EK GİRİŞ ÖGELERİ (KOHA)
Source of classification or shelving scheme Library of Congress Classification
Koha item type Book
Holdings
Materyal Türü Kalıcı Konum Mevcut Konum Raf Yeri Sınıflandırma Kaynağı Edinim Bilgisi Ana Konular Alt Konular Yer Numarası Demirbaş Numarası Fatura Tarihi Geri Çekilme Durumu Kayıp Durumu Hasarlı Durumu Kredi için değil Kayıt Tarih Toplam Ödünçverme Son Görülme Tarihi Son Kontrol Tarihi Genel / Bağış Notu
Book Prof. Dr. Azmi Özcan Kütüphanesi Prof. Dr. Azmi Özcan Kütüphanesi Uluğbey Salonu Library of Congress Classification Bağış DÜNYA TARİHİ (AVRUPA, ASYA, AFRİKA VB.) Balkan Yarımadası DR523 .A94 1985 0065996 02/02/2026         04/03/2021   15/09/2025 15/09/2025 Millet Kütüphanesi [Cumhurbaşkanlığı Külliyesi]